Fundamentals of Christianity / (Record no. 4421)
[ view plain ]
| 000 -LEADER | |
|---|---|
| fixed length control field | 00502nam a22001817a 4500 |
| 003 - CONTROL NUMBER IDENTIFIER | |
| control field | GBCCL |
| 005 - DATE AND TIME OF LATEST TRANSACTION | |
| control field | 20241126110518.0 |
| 008 - FIXED-LENGTH DATA ELEMENTS--GENERAL INFORMATION | |
| fixed length control field | 180122b xxu||||| |||| 00| 0 eng d |
| 040 ## - CATALOGING SOURCE | |
| Transcribing agency | gbc |
| 082 ## - DEWEY DECIMAL CLASSIFICATION NUMBER | |
| Classification number | 230.01 |
| Item number | JEP |
| 100 ## - MAIN ENTRY--PERSONAL NAME | |
| Personal name | Jepegnanam, S. T. |
| 9 (RLIN) | 8287 |
| 245 ## - TITLE STATEMENT | |
| Title | Fundamentals of Christianity / |
| Statement of responsibility, etc. | S. T. Jepegnanam |
| 260 ## - PUBLICATION, DISTRIBUTION, ETC. | |
| Name of publisher, distributor, etc. | Tamil Nadu Theological Seminary |
| Place of publication, distribution, etc. | Madurai: |
| 300 ## - PHYSICAL DESCRIPTION | |
| Extent | 111 p.; |
| Dimensions | 18 cm. |
| 650 ## - SUBJECT ADDED ENTRY--TOPICAL TERM | |
| Topical term or geographic name entry element | Theology -- Introductions. |
| 9 (RLIN) | 10417 |
| 650 ## - SUBJECT ADDED ENTRY--TOPICAL TERM | |
| Topical term or geographic name entry element | Theology. |
| 9 (RLIN) | 631 |
| 942 ## - ADDED ENTRY ELEMENTS (KOHA) | |
| Source of classification or shelving scheme | Dewey Decimal Classification |
| Koha item type | Books |
| Withdrawn status | Lost status | Source of classification or shelving scheme | Damaged status | Not for loan | Home library | Current Library | Shelving location | Date acquired | Total checkouts | Full call number | Barcode | Date last seen | Copy number | Price effective from | Koha item type |
|---|---|---|---|---|---|---|---|---|---|---|---|---|---|---|---|
| Dewey Decimal Classification | GRACE BIBLE COLLEGE | GRACE BIBLE COLLEGE | Theology | 2018-01-22 | 230.01 JEP | 001755 | 2025-05-01 | c.1 | 2018-01-22 | Books |